Weszely Ödön Korszerű nevelési problémák : Tanulmányok. Szent István- Könyvek, 45. sz. Budapest, 1927. A Szent István-Társuiat kiadása. (Kis 8-r., 217 lap.) : [könyvismertetés] /

Elmentve itt :
Bibliográfiai részletek
Szerző: Éltes Mátyás
További közreműködők: Weszely Ödön
Dokumentumtípus: Cikk
Megjelent: 1927
Sorozat:Magyar pedagógia : a Magyar Tudományos Akadémia Pedagógiai Bizottságának folyóirata 36
Kulcsszavak:Neveléslélektan könyvismertetés, Nevelési problémák
Online Access:http://misc.bibl.u-szeged.hu/10341
LEADER 00879nab a2200193 i 4500
001 misc10341
005 20191106143017.0
008 170607s1927 hu o 0|| hun d
022 |a 0025-0260 
040 |a SZTE Miscellanea Repozitórium  |b hun 
041 |a hun 
100 1 |a Éltes Mátyás 
245 1 0 |a Weszely Ödön  |h [elektronikus dokumentum] :  |b Korszerű nevelési problémák : Tanulmányok. Szent István- Könyvek, 45. sz. Budapest, 1927. A Szent István-Társuiat kiadása. (Kis 8-r., 217 lap.) : [könyvismertetés] /  |c  Éltes Mátyás 
260 |c 1927 
300 |a 168-169 
490 0 |a Magyar pedagógia : a Magyar Tudományos Akadémia Pedagógiai Bizottságának folyóirata  |v 36 
695 |a Neveléslélektan könyvismertetés, Nevelési problémák 
700 0 1 |a Weszely Ödön 
856 4 0 |u http://misc.bibl.u-szeged.hu/10341/1/mp_1927_3008_168-169.pdf  |z Dokumentum-elérés